000 01005nam a2200313 4500
001 000
003 000
005 20150511085006.0
008 920228s1992 enk b 001 0 eng
010 _a 92011531
020 _a0198513895 :
_c£40.00 ($60.00 U.S.)
035 _a(OCoLC)25546913
035 _a(OCoLC)ocm25546913
035 _a(NNC)1157803
040 _aUOEL
_cDLC
_dNNC
050 0 0 _aQC173.4.Q36
_bJ36 1992
082 0 0 _a548/.8
_220
100 1 _aJanot, C.
_q(Christian),
_d1936-
245 1 0 _aQuasicrystals :
_ba primer /
_cChristian Janot.
260 _aOxford [England] :
_bClarendon Press ;
_aNew York :
_bOxford University Press,
_c1992.
263 _a9211
300 _axiv, 320 p. :
_bill. ;
_c24 cm.
490 1 _aMonographs on the physics and chemistry of materials ;
_v48
504 _aIncludes bibliographical references and index.
650 0 _aQuasicrystals.
830 0 _aMonographs on the physics and chemistry of materials ;
_v48.
942 _2lcc
_cLL
999 _c7022
_d7022